| 000 | 00756cab a2200229 4500 | ||
|---|---|---|---|
| 001 | WB3430-41 | ||
| 008 | 090401t1998 xxu||||| |||| 00| 0 eng d | ||
| 035 | _a(Sirsi) u87813 | ||
| 041 | _aeng | ||
| 245 | _aFarmland valuation | ||
| 260 | _c1998 | ||
| 350 | _a0 | ||
| 490 |
_aFinancial Times _v31 July 1998, 12(1) |
||
| 520 | _aA two tier market is developing in the farmland market. Purely commercial farm values continue to closely reflect productive worth, whilst the rest of the sector has a gap of 45% between land prices and productive worth. Graph. | ||
| 650 | _aFARMLAND MARKET | ||
| 650 | _aFARMLAND VALUES | ||
| 650 | _aLAND PRICES | ||
| 650 | _aPRODUCTIVITY LEVELS | ||
| 690 | _aRURAL PRACTICE | ||
| 942 | _n0 | ||
| 948 | _c05/08/1998 | ||
| 999 |
_c55413 _d55413 |
||